Every Ski Resort In Idaho - Statistics

General Stats
  • This quiz has been taken 11 times
  • The average score is 7 of 21
Answer Stats
Resorts % Correct
Sun Valley-Bald Mountain
100%
Sun Valley-Dollar Mountain
100%
Bogus Basin
63%
Brundage Mountain Resort
50%
Lookout Pass
50%
Schweitzer Mountain Resort
50%
Silver Mountain Resort
50%
Tamarack Resort
50%
Bald Mountain
38%
Kelly Canyon Ski Area
38%
Magic Mountain Ski Resort
25%
Pebble Creek Ski Area
25%
Pomerelle Ski Area
25%
Little Ski Hill
13%
Rotarun Ski Area
13%
Snowhaven Ski Area
13%
Soldier Mountain
13%
Blizzard Mountain
0%
Chipmunk Hill
0%
Cottonwood Butte
0%
Lost Trail
0%
No matching quizzes found
Score Distribution
Percent of People with Each Score
Percentile by Number Answered
Your Score History
You have not taken this quiz